Opodstatnenosť fiškálnych kritérií pre konvergujúce ekonomiky

Fiškálna disciplína v kontexte Hospodárskej a menovej únie. Prelievacie efekty medzi krajinami. Argumenty v prospech fiškálnej disciplíny. Kritika adekvátnosti rozpočtového kritéria. Kritika adekvátnosti kritéria štátneho dlhu.

Gespeichert in:
Bibliographische Detailangaben
1. Verfasser: Chrenková, Jana, 1980-
Weitere Verfasser: Muchová, Eva, 1961-
Format: Buchkapitel
Sprache:Slowakisch
Schlagworte:
Tags: Tag hinzufügen
Keine Tags, Fügen Sie das erste Tag hinzu!

MARC

LEADER 00000naa$a2200000$$$4500
001 0093710
005 20240502072038.1
041 0 |a slo 
044 |a SK 
245 1 0 |a Opodstatnenosť fiškálnych kritérií pre konvergujúce ekonomiky  |c Jana Chrenková, Eva Muchová 
520 |a Fiškálna disciplína v kontexte Hospodárskej a menovej únie. Prelievacie efekty medzi krajinami. Argumenty v prospech fiškálnej disciplíny. Kritika adekvátnosti rozpočtového kritéria. Kritika adekvátnosti kritéria štátneho dlhu. 
610 2 0 |a politika fiškálna 
610 2 0 |a Európska menová únia 
610 2 0 |a Slovensko 
610 2 0 |a politika hospodárska 
610 2 0 |a eurozóna 
100 1 |a Chrenková, Jana, 1980- 
700 1 |a Muchová, Eva, 1961-